Jujutsu Kaisen Characters - Statistics

General Stats
  • This quiz has been taken 109 times
  • The average score is 23 of 26
Answer Stats
Hint Answer % Correct
Uses a gun, Maki's twin sister Mai Zenin
100%
User of the Ten Shadows Technique Megumi Fushiguro
100%
User of the Straw Doll Technique Nobara Kugisaki
100%
The strongest Modern Sorcerer Satoru Gojo
100%
Gojo's former best friend Suguru Geto
100%
Main Protagonist, Sukuna's vessel Yuji Itadori
100%
Strongest Kyoto student, Yuji's "brother" Aoi Todo
99%
Cursed Tool expert, no cursed energy Maki Zenin
99%
The King of Curses Ryomen Sukuna
99%
Protagonist of JJK 0. Rika's user Yuta Okkotsu
99%
Former salaryman, Grade 1 sorcerer Kento Nanami
97%
Patchwork curse, Idle transfiguration Mahito
97%
Cursed Speech user Toge Inumaki
96%
The sorcerer killer,Megumi's father Toji Fushiguro
96%
Volcano-head curse Jogo
95%
Ancient sorcerer in Geto's body Kenjaku
87%
Oldest of the Death Painting Wombs Choso
86%
Forest/nature curse Hanami
84%
Remote-controlled robot Mechamaru
84%
Uses "simple domain", blue hair Kasumi Miwa
81%
Uses cursed blood, Kamo clan heir Noritoshi Kamo
81%
Doctor at Tokyo High Shoko Ieiri
78%
Abrupt Cursed Corpse Panda
75%
Ocean curse with a red skin Dagon
71%
The Principal of Tokyo High Masamichi Yaga
65%
Uses a broom to fly Momo Nishimiya
64%
No matching quizzes found
Score Distribution
Percent of People with Each Score
Percentile by Number Answered
Your Score History
You have not taken this quiz